000 00501nam a2200169 4500
001 113573
003 ES-MaACL
005 20230906185938.0
007 t|
008 061121s1916 sp r ||||1| spa d
100 0 _aNoel, Eugenio,
_d1885-1936
_985823
245 1 0 _aVidas de santos, diablos, mártires, frailes, clérigos y almas en pena /
_cEugenio Noel.
260 _aMadrid :
_bJuan Pueyo,
_c1916.
300 _a404 p. ;
_c19 cm.
852 _aES-MaACL
_jF-5085
999 _c113573
_d113573